000 00277 a2200145 4500
001 174688
020 _a
040 _cMagnum
100 _aSanson, Berenice Ribeiro
240 1 0 _aO heroi
_lpor
245 1 0 _aO heroi
362 0 _a1899
697 _aI/ANIMAIS
942 _cBK
999 _c174688
_d174688